| 000 | 00920nam a2200253Ia 4500 | ||
|---|---|---|---|
| 003 | OSt | ||
| 005 | 20221005104252.0 | ||
| 006 | a|||||r|||| 00| 0 | ||
| 007 | ta | ||
| 008 | 221004b |||||||| |||| 00| 0 hin d | ||
| 024 | _a107492 | ||
| 037 | _cTextual | ||
| 040 |
_aCRL _cCRL _bhin |
||
| 041 |
_2hin _ahin |
||
| 082 | _aO152,6N19x, M0 | ||
| 100 | _aभगवती प्रसाद सिंह | ||
| 245 | 0 |
_aसाहित्य और संस्कृति _b कुछ अंतर्यात्राएं |
|
| 246 | _aSāhitya aur sanskṛuti: kuchh aantaryātrāean | ||
| 260 |
_aदिल्ली _bप्रकाशन संस्थान भारत _c1980 |
||
| 300 |
_a204पृ0 _ccm. |
||
| 650 | _aहिन्दी साहित्य | ||
| 942 |
_hO152,6N19x, M0 _cTEXL _2cc |
||
| 999 |
_c1012208 _d1012208 |
||